ক্রিকেটের A টু Z / (Record no. 11152)
[ view plain ]
| 000 -LEADER | |
|---|---|
| fixed length control field | 00767nam a2200241 a 4500 |
| 001 - CONTROL NUMBER | |
| JCCL Control Number | 11152 |
| 003 - CONTROL NUMBER IDENTIFIER | |
| JCCL marc code | BD-JhCC |
| 005 - DATE AND TIME OF LATEST TRANSACTION | |
| control field | 20190921080202.0 |
| 008 - FIXED-LENGTH DATA ELEMENTS--GENERAL INFORMATION | |
| fixed length control field | 190603b 2014bg a|||| ||a| 000 0 ben d |
| 020 ## - INTERNATIONAL STANDARD BOOK NUMBER | |
| International Standard Book Number | 9789849068983 |
| 035 ## - SYSTEM CONTROL NUMBER | |
| system control number | (BD-JhCC)11152 |
| 040 ## - CATALOGING SOURCE | |
| Original cataloging agency | BD-JhCC |
| Modifying agency | BD-JhCC |
| 041 ## - LANGUAGE CODE | |
| Language code of Book | ben |
| 082 ## - DEWEY DECIMAL CLASSIFICATION NUMBER | |
| Author mark and Year | PAR 2014 |
| Classification number | 796.358 |
| 100 ## - MAIN ENTRY--PERSONAL NAME | |
| Personal name | পারভেজ, সৈয়দ মাজহারুল |
| 245 ## - TITLE STATEMENT | |
| Title | ক্রিকেটের A টু Z / |
| Statement of responsibility, etc | সৈয়দ মাজহারুল পারভেজ । |
| 260 ## - PUBLICATION, DISTRIBUTION, ETC. (IMPRINT) | |
| Place of publication, distribution, etc | ঢাকা: |
| Name of publisher, distributor, etc | গাজী প্রকাশনী; |
| Date of publication, distribution, etc | ২০১৪. |
| 300 ## - PHYSICAL DESCRIPTION | |
| Pagination | ১৫৯ পৃঃ . : |
| Other physical details | ill; |
| Dimensions | ২০ সেমি. |
| 650 ## - SUBJECT ADDED ENTRY--TOPICAL TERM | |
| Topical term or geographic name as entry element | Cricket |
| 650 ## - SUBJECT ADDED ENTRY--TOPICAL TERM | |
| Topical term or geographic name as entry element | Game |
| 942 ## - ADDED ENTRY ELEMENTS (KOHA) | |
| Source of classification or shelving scheme | Dewey Decimal Classification |
| Koha item type | Books |
| Source of classification or shelving scheme | Damaged status | Not for loan | Home library | Current library | Shelving location | Cost, normal purchase price | Total Checkouts | Full call number | Barcode | Date last seen | Copy number | Koha item type |
|---|---|---|---|---|---|---|---|---|---|---|---|---|
| Dewey Decimal Classification | JCC Rouf Library | JCC Rouf Library | General Stacks | 126.00 | 796.358 PAR 2014 | 15156 | 08/03/2019 | C-1 | Books |